Central Library OPAC University of Rajshahi

Politics and communication : (Record no. 57879)

MARC details
000 -LEADER
fixed length control field 00856nam a2200277 a 4500
001 - CONTROL NUMBER
control field 57879
003 - CONTROL NUMBER IDENTIFIER
rucl marc code BD-RjUL
005 - DATE AND TIME OF LATEST TRANSACTION
control field 20211209080548.0
008 - FIXED-LENGTH DATA ELEMENTS--GENERAL INFORMATION
fixed length control field 161212s1966 mau b 000 0 eng
035 ## - SYSTEM CONTROL NUMBER
System control number (OCoLC)ocm01175617
System control number (BD-RjUL)58003
System control number (NNC)1216739
040 ## - CATALOGING SOURCE
Original cataloging agency DLC
Transcribing agency DLC
Modifying agency m.c.
-- OCL
-- ZCU
Language of cataloging eng
041 ## - LANGUAGE CODE
Language code of text/sound track or separate title eng
082 ## - DEWEY DECIMAL CLASSIFICATION NUMBER
Classification number 302.2
Author mark and year FAP 1966
Edition number 23
100 1# - MAIN ENTRY--PERSONAL NAME
Personal name Fagen, Richard R.
9 (RLIN) 171920
245 10 - TITLE STATEMENT
Title Politics and communication :
Remainder of title an analytic study /
Statement of responsibility, etc. [by] Richard R. Fagen.
260 ## - PUBLICATION, DISTRIBUTION, ETC. (IMPRINT)
Place of publication, distribution, etc. Boston :
Name of publisher, distributor, etc. Little, Brown,
Date of publication, distribution, etc. c1966
300 ## - PHYSICAL DESCRIPTION
Pagination x, 162 p. ;
Size 21 cm.
490 1# - SERIES STATEMENT
Series statement The Little, Brown series in comparative politics
504 ## - BIBLIOGRAPHY, ETC. NOTE
Bibliography, etc Bibliographical footnotes.
650 #0 - SUBJECT ADDED ENTRY--TOPICAL TERM
Topical term or geographic name as entry element Communication.
9 (RLIN) 170326
830 #0 - SERIES ADDED ENTRY--UNIFORM TITLE
Uniform title Little, Brown series in comparative politics.
942 ## - ADDED ENTRY ELEMENTS (KOHA)
Source of classification or shelving scheme Dewey Decimal Classification
Koha item type Books
Holdings
Lost status Source of classification or shelving scheme Damaged status Not for loan Collection code Permanent Location Current Location Shelving location Date acquired Source of acquisition Total Checkouts Full call number Date last seen Copy number Koha item type
  Dewey Decimal Classification   Not For Loan Non-fiction Central Library, University of Rajshahi Central Library, University of Rajshahi Reading Room 14/01/1975 Obaidul Huq   302.2 FAP 1966 12/12/2016 C-1 Books